Erfolgreichste deutsche Torschützen in der Champions League - Statistiken

Allgemein
  • Dieses Quiz wurde 507 mal gespielt
    95 seit der letzten Aktualisierung
  • Das Durchschnittsergebnis liegt bei 27 aus 42
Antwortstatistiken
Tore Verein(e) Name % Korrekt
23 Schalke, ManCity, Bayern Leroy Sane
100%
57 Bayern Thomas Müller
100%
26 Stuttgart, Bayern Mario Gomez
99%
17 Leipzig, Chelsea Timo Werner
99%
13 Dortmund, City Ilkay Gündogan
96%
11 Bayern, Real Madrid Toni Kroos
95%
24 Dortmund Marco Reus
93%
8 Schalke, Wolfsburg, PSG Julian Draxler
92%
13 Bayern, Arsenal, Gala Lukas Podolski
92%
16 Leverkusen, Bayern, Chelsea Michael Ballack
92%
14 Bremen, Bayern Miroslav Klose
90%
11 Chelsea, Arsenal Kai Havertz
89%
5 Atalanta, Inter, Union Robin Gosens
89%
12 Dortmund, Bayern Mario Götze
88%
11 Real Madrid, Arsenal Mesut Özil
88%
16 Bayern Serge Gnabry
88%
13 Salzburg, Dortmund Karim Adeyemi
85%
5 Dortmund Mats Hummels
81%
6 Bayern Leon Goretzka
77%
12 Bayern Joshua Kimmich
75%
6 Leverkusen, Chelsea, Wolfsburg, Dortmund André Schürrle
74%
12 Bayern Bastian Schweinsteiger
74%
6 Leverkusen Florian Wirtz
63%
6 Leverkusen, Dortmund Julian Brandt
58%
8 Bayern Stefan Effenberg
53%
8 Dortmund, Schalke Andreas Möller
52%
7 Bayern Jamal Musiala
52%
8 Stuttgart, Schalke Kevin Kuranyi
52%
5 Bremen, Dortmund, Bayern Torsten Frings
51%
12 Bayern Mehmet Scholl
49%
7 Dortmund Lars Ricken
47%
12 Bayern Carsten Jancker
45%
9 Leverkusen Ulf Kirsten
40%
7 Gladbach Lars Stindl
38%
7 Bremen, Bayern Mario Basler
37%
5 Leverkusen Bernd Schneider
33%
5 Dortmund Karl-Heinz Riedle
27%
5 Bayern Alexander Zickler
26%
5 Schalke Benedikt Höwedes
22%
8 Leverkusen Oliver Neuville
22%
6 Dortmund Heiko Herrlich
15%
5 Bremen Bernd Hobsch
3%
Keine übereinstimmenden Quizze gefunden
Verteilung der Resultate
Anzahl Personen mit jedem Resultat
Perzentil nach korrekt beantworteten Fragen
Ihre Resultats-Entwicklung
Sie haben dieses Quiz seit der letzten Aktualisierung nicht gespielt